Представление документа в формате RUSMARC

Поле Инд. ПП Название Значение
Тип записи a
Библиографический уровень a
001 Контрольный номер 91fcac4b82a1475d8bcd4c22a29172db
005 Дата корректировки 20181120134548.4
100 a Данные общей обработки 20180810 ||| 0rusy0189 ca
101 0_ a Язык текста rus
102 a Страна публикации RU
200 1_ f Первые сведения об ответственности И.И. Аминов
a Заглавие Опыт устройства народного суда в Закаспийской области Российской империи (1899-1917 гг.)
210 d Дата издания 2018
461 _0 1 2000
a История государства и права
463 _0 1 2000
a №4
v С. 40-44
1 2101
d 2018
1 001ae46811b44e5431ebba9276184a65be0
606 a Основная рубрика Правоохранительные и судебные органы
610 0_ a Ключевые слова ИСТОРИЯ ПРАВА РОССИИ
a Ключевые слова СУДЕБНАЯ СИСТЕМА
700 _1 a Фамилия Аминов
b Имя И.И.
801 _0 a Страна RU
b Организация РГУП
c Дата составления 20180810
g Правила каталогизации PSBO
801 _1 a Страна RU
b Организация РГУП
c Дата составления 20180810
g Правила каталогизации PSBO
901 t Тип документа b
w Контрольный № источника ae46811b44e5431ebba9276184a65be0
905 a Дата ввода 20180810